000 00519nam a22001817a 4500
005 20251108170948.0
008 250721s1996 xx 000 0 ara d
082 1 4 _a617.8/فوس
100 1 _aفوستر، نورتون
245 1 0 _aالطريقة الصحية الصحيحة في علاج الصمم /
264 1 _aبيروت :
_bدار العربية للعلوم،
_c1996.
300 _a111ص
650 1 7 _aالطب
650 1 7 _aالصمم
650 1 7 _aالعلاج
942 _2ddc
_cBK
999 _c53150
_d53150